[Event "Western Province-chT"]
[Site "Cape Town"]
[Date "2018.08.11"]
[Round "3"]
[White "Diamond, Ruben"]
[Black "De Jager, Luan"]
[Result "0-1"]
[WhiteElo "1644"]
[BlackElo "1876"]
[PlyCount "48"]
[EventDate "2018.08.04"]
[EventType "team-tourn"]
[EventRounds "11"]
[EventCountry "RSA"]
[SourceTitle "EXT 2020"]
[Source "ChessBase"]
[SourceDate "2019.10.17"]
[SourceVersion "1"]
[SourceVersionDate "2019.10.17"]
[SourceQuality "1"]
[WhiteTeam "Western Cape Univ"]
[BlackTeam "Steinitz"]
[WhiteTeamCountry "RSA"]
[BlackTeamCountry "RSA"]

1. e4 c5 2. Bc4 Nc6 3. Nc3 e6 4. d3 a6 5. a4 Nf6 6. Bg5 Be7 7. f4 h6 8. Bxf6 Bxf6 9. Nf3 0-0 10. 0-0 Bxc3 11. bxc3 d5 12. exd5 exd5 13. Ba2 Re8 14. Qd2 b5 15. axb5 axb5 16. Qf2 Qd6 17. Rfb1 Ra5 18. Nd2 c4 19. Qb6 Re2 20. Rd1 Qxf4 21. dxc4 Bh3 22. g3 Qe5 23. Nf1 Rg2+ 24. Kh1 Qe4 0-1

[Event "World ol U16"]
[Site "Poprad"]
[Date "2016.07.23"]
[Round "3.2"]
[White "De Jager, Luan"]
[Black "Garbowski, Jakub"]
[Result "1/2-1/2"]
[WhiteElo "1766"]
[BlackElo "2102"]
[PlyCount "132"]
[EventDate "2016.07.22"]
[EventType "team-swiss"]
[EventRounds "9"]
[EventCountry "SVK"]
[SourceTitle "EXT 2017"]
[Source "ChessBase"]
[SourceDate "2016.10.25"]
[SourceVersion "1"]
[SourceVersionDate "2016.10.25"]
[SourceQuality "1"]
[WhiteTeam "South Africa"]
[BlackTeam "Poland"]
[WhiteTeamCountry "RSA"]
[BlackTeamCountry "POL"]

1. e4 e5 2. Nf3 Nc6 3. Bb5 a6 4. Ba4 Nf6 5. d4 exd4 6. 0-0 Be7 7. Re1 b5 8. Bb3 d6 9. Bd5 Nxd5 10. exd5 Ne5 11. Nxd4 0-0 12. Nc3 Bd7 13. b3 Re8 14. Bb2 Bf8 15. Qd2 Qf6 16. Ne4 Qg6 17. Qf4 Re7 18. h3 Bxh3 19. Ng3 Bd7 20. Ngf5 Ree8 21. Re3 Qf6 22. Rg3 Kh8 23. Qg5 Qxg5 24. Rxg5 f6 25. Rg3 g6 26. Nh4 Bg7 27. Re1 f5 28. Rge3 Ng4 29. Rxe8+ Rxe8 30. Rxe8+ Bxe8 31. Nhf3 Bd7 32. Bc1 Kg8 33. Bg5 Bf6 34. Kf1 h6 35. Bd2 Kf7 36. Ba5 Bd8 37. c4 bxc4 38. bxc4 Ke8 39. Nb3 Ba4 40. Nfd4 Bxb3 41. Nxb3 Ne5 42. c5 Nd3 43. cxd6 cxd6 44. Bd2 Bg5 45. Ke2 Nc5 46. Nxc5 dxc5 47. f4 Be7 48. Kd3 Kd7 49. Kc4 g5 50. Be3 g4 51. g3 h5 52. Bf2 Bd6 53. Be3 h4 54. gxh4 g3 55. h5 g2 56. Kd3 c4+ 57. Kxc4 Bxf4 58. Bg1 Bc1 59. Kd3 Kd6 60. Ke2 Kxd5 61. Kf3 Kc4 62. Kxg2 Kb4 63. Kf3 Bh6 64. Be3 Bg7 65. Kf4 Bh6+ 66. Kf3 Bg7 1/2-1/2

[Event "RSA-ch U16"]
[Site "Bloemfontein"]
[Date "2016.03.20"]
[Round "1"]
[White "De Jager, Luan"]
[Black "Baskir, Zach"]
[Result "1-0"]
[WhiteElo "1777"]
[BlackElo "1560"]
[PlyCount "117"]
[EventDate "2016.03.20"]
[EventType "swiss"]
[EventRounds "11"]
[EventCountry "RSA"]
[SourceTitle "CBM 171 Extra"]
[Source "ChessBase"]
[SourceDate "2016.04.26"]
[SourceVersion "1"]
[SourceVersionDate "2016.04.26"]
[SourceQuality "1"]

1. e4 e5 2. Nf3 Nc6 3. Bb5 a6 4. Ba4 Nf6 5. d4 exd4 6. 0-0 Be7 7. Re1 b5 8. Bb3 d6 9. Bd5 Nxd5 10. exd5 Ne5 11. Nxd4 0-0 12. Nc3 Bg4 13. Qd2 Bf6 14. b3 Bd7 15. Ne4 Re8 16. Bb2 Ng4 17. f4 Bh4 18. g3 f5 19. Ng5 Bxg5 20. fxg5 Ne5 21. Rf1 Rf8 22. Rae1 Qc8 23. Nf3 Nxf3+ 24. Rxf3 Re8 25. Rfe3 Rxe3 26. Rxe3 Qf8 27. Rf3 Qe7 28. Re3 Qf7 29. c4 Re8 30. Bc3 Kf8 31. Rf3 Qe7 32. h4 Qe4 33. Rf4 Qe3+ 34. Kg2 Qxd2+ 35. Bxd2 Re2+ 36. Rf2 Rxf2+ 37. Kxf2 bxc4 38. bxc4 Ke7 39. Bc3 g6 40. Bf6+ Ke8 41. Ke3 Ba4 42. Kd2 Kd7 43. Kc3 Kc8 44. Be7 Kd7 45. Bf8 Kc8 46. Kd4 Bc2 47. c5 dxc5+ 48. Bxc5 Bb1 49. a3 Kd7 50. Ke5 c6 51. d6 Ba2 52. Kf6 Bc4 53. Kg7 Be2 54. Kxh7 Bh5 55. Kg7 Ke6 56. Kf8 Kd7 57. Kf7 Kd8 58. Ke6 Bg4 59. Bb6+ 1-0

[Event "Wch U14"]
[Site "Durban"]
[Date "2014.09.28"]
[Round "10"]
[White "De Jager, Luan"]
[Black "Gelbenegger, Patrick"]
[Result "1/2-1/2"]
[WhiteElo "1652"]
[BlackElo "1754"]
[PlyCount "78"]
[EventDate "2014.09.20"]
[EventType "swiss"]
[EventRounds "11"]
[EventCountry "RSA"]
[SourceTitle "EXT 2022"]
[Source "ChessBase"]
[SourceDate "2021.10.06"]
[SourceVersion "1"]
[SourceVersionDate "2021.10.06"]
[SourceQuality "1"]

1. e4 e5 2. Nf3 Nc6 3. Bb5 a6 4. Ba4 Nf6 5. 0-0 b5 6. Bb3 Bc5 7. Nxe5 Nxe5 8. d4 Bxd4 9. Qxd4 Nc6 10. Qc5 Qe7 11. Qxe7+ Nxe7 12. Re1 Bb7 13. Bg5 0-0 14. Bxf6 gxf6 15. Nc3 c5 16. Nd5 Nxd5 17. Bxd5 Bxd5 18. exd5 Rfe8 19. f3 Re5 20. Rad1 Rae8 21. Kf2 Kf8 22. d6 Rxe1 23. Rxe1 Rxe1 24. Kxe1 Kg7 25. Kf2 Kg6 26. g4 f5 27. Kg3 Kf6 28. Kf4 fxg4 29. fxg4 h6 30. h4 Ke6 31. g5 h5 32. a3 a5 33. Ke4 Kxd6 34. Kf5 Ke7 35. Ke5 d6+ 36. Kf5 a4 37. c3 c4 38. Kf4 Kd7 39. Kf5 Ke7 1/2-1/2

[Event "Wch U14"]
[Site "Durban"]
[Date "2014.09.26"]
[Round "8"]
[White "De Jager, Luan"]
[Black "Machlik, Endre"]
[Result "1-0"]
[WhiteElo "1652"]
[BlackElo "1902"]
[PlyCount "89"]
[EventDate "2014.09.20"]
[EventType "swiss"]
[EventRounds "11"]
[EventCountry "RSA"]
[SourceTitle "CBM 162 Extra"]
[Source "ChessBase"]
[SourceDate "2014.10.17"]
[SourceVersion "1"]
[SourceVersionDate "2014.10.17"]
[SourceQuality "1"]

1. e4 c6 2. d4 d5 3. exd5 cxd5 4. c4 Nc6 5. Nf3 Nf6 6. Nc3 Bg4 7. cxd5 Nxd5 8. Qb3 Bxf3 9. gxf3 e6 10. Qxb7 Nxd4 11. Bb5+ Nxb5 12. Qc6+ Ke7 13. Qxb5 Rc8 14. 0-0 Nxc3 15. bxc3 f6 16. Ba3+ Kf7 17. Rad1 Qe8 18. Qb7+ Kg6 19. Bxf8 Rxf8 20. Rd7 Rg8 21. Kh1 Kh6 22. Rg1 Rb8 23. Qxa7 Qh5 24. Qe3+ g5 25. f4 Rb5 26. Rd3 Ra5 27. Qxe6 Qg6 28. fxg5+ fxg5 29. Rd6 Qxe6 30. Rxe6+ Kh5 31. Re2 Rc8 32. Rg3 Rc6 33. Kg2 Rca6 34. c4 Rxa2 35. Rxa2 Rxa2 36. Rc3 Kg4 37. c5 Ra7 38. c6 Rc7 39. Rc4+ Kf5 40. Kg3 h6 41. h4 Kg6 42. hxg5 hxg5 43. Kg4 Kf6 44. Rc5 Ke7 45. Kxg5 1-0